00356nam a2200121Ia 4500008004100000020001800041041000800059082002400067100002300091245006600114260004500180300000900225230519s9999 xx 000 0 und d a0-7216-8532-3 aeng a610.7361/GAY/DB0570 aGeorge Gay Beverly aClinical Medical Surgical Nursing : Decision making reference bW B Saunders CompanyaPhiladelphiac2012 a996p